Normal view
MARC view
- David S. Malkus, Michael E. Plesha, Robert J. Witt
Entry Corporate Name
001 - CONTROL NUMBER
- control field: 124889
003 - CONTROL NUMBER IDENTIFIER
- control field: NUST
005 - DATE AND TIME OF LATEST TRANSACTION
- control field: 20240730141218.0
008 - FIXED-LENGTH DATA ELEMENTS
- fixed length control field: 240730|| aca||aabn | a|a d
040 ## - CATALOGING SOURCE
- Original cataloging agency: NUST
- Transcribing agency: NUST
110 ## - HEADING--CORPORATE NAME
- Corporate name or jurisdiction name as entry element: David S. Malkus, Michael E. Plesha, Robert J. Witt
670 ## - SOURCE DATA FOUND
- Source citation: Work cat.: (NUST): Robert D. Cook 13493, Concepts and applications of finite element analysis , 2001.
